000 00355nam a22001337a 4500
008 170714b xxu||||| |||| 00| 0 eng d
020 _a9781422426401
041 _aeng
080 _23 ED
_a1(091)
100 _a24
101 _aFIL
245 _aTHE HISTORY PHILOSOPHY AND STRUCTURE OF THE AMERICAN CONSTITUTION
_cKMIEC.D.W
942 _2udc
_cBK
999 _c20771
_d20771